Selected readings in insurance and insurance industry

Bibliographic Details
Main Authors: Breveníková, Daniela, 1947- (Author), Čejková, Viktória, 1937- (Author)
Format: Book
Language:English
PhysicalDescription:168 s. Fotogr., grafy 29 cm
Published: Bratislava Ekonóm 1996
ISBN:8022507628
Subjects:

MARC

LEADER 00000nam a2200000 a 4500
001 vtls001219829
003 SK-MaSNL
005 20260424091404.0
008 240509s1996 xo a r y eng
015 |a SNBA1996/1002913 
020 |a 8022507628  |c 51,00 Sk (100 výt.) 
035 |a SNK000164290 
035 |a urn:nbn:sk:snk-amydtr 
035 |a urn:nbn:sk:snk-am00ceo0 
035 |a 36E78384-0665-412D-B47C-E3B03013A24E 
040 |a SNK  |b slo  |c SNK  |e AACR2 
041 0 |a eng 
044 |a xo  |c SK 
080 |a 802.0-316.4:368(075.8)  |2 1981 
080 |a 368(075.8)=20  |2 1981 
100 1 |a Breveníková, Daniela,  |d 1947-  |4 aut  |9 1637565 
245 1 0 |a Selected readings in insurance and insurance industry  |c D. Breveníková, V. Čejková 
260 |a Bratislava  |b Ekonóm  |c 1996 
300 |a 168 s.  |b Fotogr., grafy  |c 29 cm 
504 |a Bibliogr. s. 167-168 
650 0 7 |a angličtina  |x poisťovníctvo  |x texty pre ekonómov  |2 SNK  |9 380157 
655 7 |a Textbooks (higher)  |2 SNKPHeng  |9 276436 
655 7 |a učebnice vysokých škôl  |2 SNKPH  |9 70191 
700 1 |a Čejková, Viktória,  |d 1937-  |4 aut  |9 121870 
919 |a 80-225-0762-8 
958 |a TL 
958 |a NB 
958 |a UV 
999 |c 624949  |d 626879 
952 |t P60, <09>, [BOOK], {629}  |a SNK  |b SNK  |y NEVYP  |7 0  |o snkB 753  |i snk2709/960816  |0 0  |1 0  |4 0  |d 1996-08-15  |l 0  |r 2005-01-01 00:00:00  |w 2026-02-23 
952 |t P60, <03>, [BOOK], {603}  |a SNK  |b SNK  |y PREZ  |7 0  |p 17A0008350  |o snkSB 55744  |i snkKSP 6411/96  |0 0  |1 0  |4 0  |d 1996-08-15  |f 1  |l 0  |r 2025-03-28 00:00:00  |w 2026-02-23 
952 |t P60, <04>, [BOOK], {604}  |a SNK  |b SNK  |y VYP  |7 0  |p 17A0008349  |o snkSB 55744 D1  |i snkKSP 6412/96  |0 0  |1 0  |4 0  |d 1996-08-15  |l 0  |r 2005-01-01 00:00:00  |w 2026-02-23 
952 |t P60, <04>, [BOOK], {604}  |a SNK  |b SNK  |y VYP  |7 0  |p 17A0222616  |o snkSB 55744 D2  |i snkK 1314/99  |0 0  |1 0  |4 0  |d 1999-12-20  |l 0  |r 2005-01-01 00:00:00  |w 2026-02-23